Basic Electrical Engineering (Record no. 1160)

MARC details
000 -LEADER
fixed length control field 00309nam a22001337a 4500
005 - DATE AND TIME OF LATEST TRANSACTION
control field 20160520100121.0
008 - FIXED-LENGTH DATA ELEMENTS--GENERAL INFORMATION
fixed length control field 160520b xxu||||| |||| 00| 0 eng d
041 ## - LANGUAGE CODE
Language code of text/sound track or separate title eng
082 ## - DEWEY DECIMAL CLASSIFICATION NUMBER
Item number 3377
100 ## - MAIN ENTRY--AUTHOR NAME
Personal name Mehta
245 ## - TITLE STATEMENT
Title Basic Electrical Engineering
650 ## - SUBJECT ADDED ENTRY--TOPICAL TERM
Topical Term DIPLOMA ENGINEERING
942 ## - ADDED ENTRY ELEMENTS (KOHA)
Koha item type Books
Holdings
Lost status Damaged status Collection code Home library Current library Shelving location Date acquired Cost, normal purchase price Full call number Accession Number Koha item type
    Reference JRU Library   SHELF-36-E 20/05/2016 395.00 3377 3377 Books
      JRU Library JRU Library SHELF-58-C 20/05/2016 395.00 3377 3378 Books